000 00458nam a2200181Ia 4500
008 230711s9999||||xx |||||||||||||| ||und||
020 _a978-0-07-064791-6
041 _aENG
082 _a621.317
_bKO-P
100 _aKothari,D.P
245 0 _aPower system engineering
250 _a2ND Ed.
260 _c2008
_aNew Delhi
_bTata McGraw Hill Education Limited
300 _a1074
650 _aElectrical Engineering
700 _aNagrath,I.J
942 _cBK
999 _c3810
_d3810